| 000 | 00795nam a2200265 a 4500 | ||
|---|---|---|---|
| 999 |
_c12276 _d12276 |
||
| 001 | 12276 | ||
| 003 | BD-JhCC | ||
| 005 | 20210921091525.0 | ||
| 008 | 210921b2014 bg a|||| ||a| 000 0 eng d | ||
| 020 | _a9789848471180 | ||
| 035 | _a(BD-JhCC)12276 | ||
| 040 |
_aBD-JhCC _dBD-JhCC |
||
| 041 | _aenglish | ||
| 082 |
_a726.20902 _bISL 2014 |
||
| 100 | _aIslam, Muhammad Ashraful | ||
| 245 |
_aDevelopment of Muslim Art and Architecture in Bangladesh / _c Muhammad Ashraful Islam, M. Nurul Islam Manjur. |
||
| 260 |
_aDhaka: _bBangladesh Institute of islamic thoght(BIIT); _c2014. |
||
| 300 |
_a312 p. : _c24 cm. |
||
| 490 | _aHuman Science Series-03 | ||
| 650 | _aIslamic architecture | ||
| 650 | _aIslamic Art | ||
| 700 | _a Manjur, M. Nurul Islam | ||
| 942 |
_2ddc _cBK |
||